Algunos datos sobre el sector vivienda y el INVU

Guardat en:
Dades bibliogràfiques
Autor corporatiu: Instituto Nacional de Vivienda y Urbanismo (Costa Rica)
Format: Text
Publicat: San José: El Instituto
Etiquetes: Afegir etiqueta
Sense etiquetes, Sigues el primer a etiquetar aquest registre!

MARC

LEADER 00000 a a2200000 04500
001 17528
003
040
090 |a EXTRAVIADO  
110 |a Instituto Nacional de Vivienda y Urbanismo (Costa Rica)  
245 |a Algunos datos sobre el sector vivienda y el INVU  
260 |a San José:   |b El Instituto  
300 |a 23 p.  
999 |c 2814  |d 2814